Gaming Quiz

Random Gaming or Word Play Quiz
Score 0/30 Timer 05:00
0 Plays Today
Clue Word % Correct
Kid IcarusGO
92%
StarFoxES
86%
StarFoxNES
86%
Kid IcarusGOO
83%
StarFoxONES
82%
Kid IcarusGORON
81%
PokémonDRAG
81%
Yoshi's StoryYELL
81%
Yoshi's StoryYELLO
81%
Yoshi's StoryYELLOW
81%
Kid IcarusGOON
80%
MetroidLA
80%
PokémonDRAGO
79%
Yoshi's StoryEL
79%
PokémonDRAGON
77%
Clue Word % Correct
Yoshi's StoryELL
76%
Kid IcarusGORGON
75%
PokémonRAG
74%
MetroidLAN
73%
MetroidLANE
70%
PokémonAG
70%
MetroidPLANE
62%
StarFoxZONES
62%
MetroidPLANET
56%
Kirby's AdventureUT
41%
Kirby's AdventureUTE
40%
Kirby's AdventureCUTTER
37%
Kirby's AdventureUTTER
36%
StarFoxZONESS
34%
Kirby's AdventureUTER
33%

You're not logged in!

Compare scores with friends on all Sporcle quizzes.
OR
Log In

Sporcle TV

Today on Sporcle TV


Watch our educational content, quiz creation guides, and fun videos on Sporcle TV.

Show Comments

Extras

Top Quizzes Today


Score Distribution

Paid Content

Your Account Isn't Verified!

In order to create a playlist on Sporcle, you need to verify the email address you used during registration. Go to your Sporcle Settings to finish the process.

Report this User

Report this user for behavior that violates our Community Guidelines.

Details: